| 000 | 00771nam a22002417a 4500 | ||
|---|---|---|---|
| 005 | 20231109093454.0 | ||
| 008 | 190723b xxu||||| |||| 00| 0 eng d | ||
| 020 |
_a9789350981511 _cRs 2500 |
||
| 040 | _beng | ||
| 041 | _aEnglish | ||
| 082 |
_a495 _bOSA |
||
| 245 |
_aLanguage atlas of South Asia _cEdited by Toshiki Osada, Masayuki Onishi |
||
| 260 |
_aNew Delhi _bManohar Publishers and Distributors _c2017 |
||
| 300 |
_axvi,164p _b28.5 cm; ill |
||
| 440 | _aRIHN-MANOHAR INDUS PROJECT SERIES | ||
| 500 | _a1st published by Harvard University in 2012 | ||
| 504 | _aIncludes bibliography and index | ||
| 650 |
_aLanguage _vAtlas _zEast and South East Asia |
||
| 700 |
_4ed. _aOsada, Toshiki |
||
| 700 |
_4ed. _aOnishi, Masayuki |
||
| 850 | _aLCLIB | ||
| 942 | _cBK | ||
| 999 |
_c42282 _d92761 |
||